Bengkel penilaian harta kediaman pada 16-19 Julai 1996 [

Bibliographic Details
Format: Book
Published: Bangi : Inspen , 1996
Subjects:

MARC

LEADER 00000cam a2200000 7i4500
001 0000017615
005 20061130.0
040 |a INS 
090 0 0 |a HD1387 1996 
245 0 0 |a Bengkel penilaian harta kediaman pada 16-19 Julai 1996 [  |h video recording] 
260 |a Bangi :   |b Inspen ,   |c 1996 
300 |a 1 Video cassette (VHS) (0:34) :   |b sd.,col. ;   |c 1/2 in. 
650 0 0 |a Real property 
650 0 0 |a Valuation 
999 |a VHS651   |b VIDEO   |c Media Collection   |e Default branch